Palácio de S. Lourenço (Registo nº 630)

Detalhes MARC
000 -Etiqueta do registo
Cabeçalho 00900cam a2200301 4500
005 - Identificador da versão
Campo de controlo 20240813121808.0
010 ## - Número internacional normalizado dos livros (ISBN)
Número (ISBN) 9726481406
021 ## - Número do Depósito Legal
Código do país PT
Número 165867/01
035 ## - Other System Control Numbers
System Control Number 0000658
System Control Number 0000654
System Control Number 0000654
System Control Number 0000642
100 ## - Dados gerais de processamento
Dados gerais de processamento 20020502e20011950m b0pory5003 ba
102 ## - Pais de publicação ou produção
País de publicação Portugal
101 0# - Língua de publicação
Língua do texto, banda sonora, etc. Português
106 ## - Campo de dados codificados: material textual
Dados codificados do material textual r
105 ## - Campo de dados codificados: livros
Dados codificados dos livros af z---000yy
215 ## - Descrição física 
Indicação específica da natureza do documento e extensão da espécie 68 p., [31] p. il.
Outras indicações físicas il.
Dimensões 22 cm
200 1# - Titulo e menção de responsabilidade
Título próprio Palácio de S. Lourenço
Primeira menção de responsabilidade José Leite Monteiro
210 ## - Publicação, Distribuição, etc. 
Lugar da edição, distribuição, etc. Funchal
Nome do editor, distribuidor, etc. Secretaria Regional do Turismo e Cultura
Data da publicação, distribuição, etc. 2001
324 ## - Nota de versão original
Texto da nota Facsimile da ed. de Funchal : Junta Geral do Distrito Autónomo, 1950
532 12 - Título desenvolvido
Expanded Title Palácio de São Lourenço
606 ## - Nome comum usado como assunto
Número de registo de entrada de autoridade 0000788
Palavra de ordem Palácio de São Lourenço (Funchal, Portugal)
Subdivisão de assunto História
675 ## - Classificação Decimal Universal (CDU)
Notação 728.8(469.81)(091)
700 #1 - Nome de autor-pessoa física (responsabilidade principal)
Número de registo de entrada de autoridade 0000790
Palavra de ordem Monteiro
Outra parte do nome não tomada para palavra de ordem José Leite
Datas 1898-1963
942 ## - Elementos de entrada adicionados (Koha)
Tipo de item no Koha Livro
Exemplares
Situação do levantamento Origin of item (home branch) (coded) Biblioteca de empréstimo Código de barras Circulation type (not for loan) Tipo de documento Nota do exemplar Damaged status
  Biblioteca Escolar Eng. Nuno Mergulhão Biblioteca Escolar Eng. Nuno Mergulhão BENM380   Livro Sem mensagem